| 000 | 00337nam a22001337a 4500 | ||
|---|---|---|---|
| 020 | _a184064222 | ||
| 040 | _cNUST | ||
| 082 |
_a333.91 _bWAT |
||
| 100 |
_aR.Kerry Turner, Ian J. bateman _990775 |
||
| 245 | _aWater resources and coastal management | ||
| 260 |
_ausa _bedward elger _c2001 |
||
| 300 | _a527 | ||
| 942 |
_2ddc _cBK _k333.91 KER |
||
| 999 |
_c589012 _d589012 |
||